01679nam a2200205   450000500170000000800410001702000180005804100120007608200130008810000280010124500180012926000180014730000070016536500190017252011010019165000080129294200070130099900190130795201470132620251118121720.0251118b        |||||||| |||| 00| 0 eng d  a9783836536974  aEnglish  a700bGRI  aGrimme Karin H.9214987  aImpressionism  bTaschenc2207  a95  b1469.24cRS.00  a•	Pictures Created From Light And Colour
•	Frédéric Bazille – Still Life with Fish
•	Marie Bracquemond – Afternoon Tea
•	Gustave Caillebotte – The Floor Strippers
•	Mary Cassatt – Woman with a Pearl
•	Edgar Degas – Dancer at rest
•	Vincent Van Gogh – Portrait of Pere Tanguy
•	Armand Guillaumin – Sunset at Ivry
•	Wassily Kandinsky – The Ludwigskirche in Munich
•	Max Liebermann -  The Birch Avenue in the Wannsee Garden, looking West
•	Claude Monet – Le pont de I’Europe
•	Berthe Morisot - Psyche
•	Giuseppe De Nittis - Flirt
•	Camille Pissarro - Hoarfrost
•	Pierre-Auguste Renoir -Lise with Parasol
•	Medardo Rosso – Aeta Aurea
•	John Singer Sargent – In the Luxemnourg Gardens
•	Giovanni Battista Segantini – The Hay Harvest
•	Georges Seurat – The Bathers at Asnieres
•	Walter Richard Sickert – The Old Bedford
•	Paul Signac – Capo di Noli
•	Alfred Sisley – The Watering Place at Marly-le-Roi
•	Max Slevogt - Parade
•	Fritz Von Uhde – The Garden Path
•	Federico Zandomeneghi – Place d’Anvers, Paris
  aArt  cBK  c369103d369103  00102ddc4070aSOFTbSOFTd2025-11-18eAmazon.ing1469.24iIN-110776l0o700 GRIpSOFT-BK-4711r2025-11-18 11:43:11v1772.66w2025-11-12yBK